| 000 | 00514nam a2200181 4500 | ||
|---|---|---|---|
| 001 | 85987 | ||
| 003 | BD-RjUL | ||
| 005 | 20251124092442.0 | ||
| 008 | 251124s1989 ii ||||| |||| 00| 0 urd d | ||
| 035 | _a(BD-RjUL)85987 | ||
| 040 |
_aBD-RjUL _beng _cBD-RjUL |
||
| 041 | _aurd | ||
| 082 |
_223 _a891.4391 _bAQG 1989 |
||
| 245 |
_aغزل كے جہات /Ghazal k jahat / _cسید محمد عقیل ;; Sayyid Muhammad Aqil |
||
| 260 |
_aNewDelhi : _bMaktaba Jadid, _c1989 |
||
| 300 |
_a183 p. ; _c21 cm |
||
| 942 |
_2ddc _cBK |
||
| 999 |
_c85987 _d85987 |
||